New Trends in Financing Small and Medium Enterprises in the EU

Trendy financovania MSP v EÚ, týkajúce sa základnej úlohy MSP pre ekonomiky členských štátov EÚ. „Horizont 2020“ a ďalšie podporné programy. Problematika rizikového kapitálu, lepší prístup MSP k bankovému kapitálu a ďalším finančným možnostiam.

Salvato in:
Dettagli Bibliografici
Autore principale: Jančíková, Eva, 1960-
Altri autori: Strážovská, Ľubomíra
Natura: Capitolo di libro
Lingua:inglese
Soggetti:
Tags: Aggiungi Tag
Nessun Tag, puoi essere il primo ad aggiungerne!!

MARC

LEADER 00000naa a2200000 4500
001 0211324
005 20240502083528.3
041 0 |a eng 
044 |a UA 
245 1 0 |a New Trends in Financing Small and Medium Enterprises in the EU  |c Eva Jančíková, Ľubomíra Strážovská 
520 |a Trendy financovania MSP v EÚ, týkajúce sa základnej úlohy MSP pre ekonomiky členských štátov EÚ. „Horizont 2020“ a ďalšie podporné programy. Problematika rizikového kapitálu, lepší prístup MSP k bankovému kapitálu a ďalším finančným možnostiam. 
610 2 0 |a podnik malý 
610 2 0 |a podnik stredný 
610 2 0 |a financovanie podnikov 
610 2 0 |a kapitál rozvojový 
610 2 0 |a úverovanie 
100 1 |a Jančíková, Eva, 1960- 
700 1 |a Strážovská, Ľubomíra